000 00548nam a2200169Ia 4500
003 LK-CoDNM
008 010623t2011 xxu||||| |||| 00| 1 sin d
040 _aLK-CoDNM
_dLK-CoDNM
_eLK-CoDNM
041 _asin
080 _a294.3 SIN
100 _aVipulagana himi,Aluthgama
_eed.
245 _aසිංහල පිරිත් පොත හෙවත් පිරුවානා පොත් වහන්සේ
246 _aSinhala Pirith Potha hewath Piruwana Poth Wahanse
260 _bS.n.
_aS.I.
_c2011
300 _b184, 21 cm
942 _cBK
999 _c131827
_d131827